Win the U.S. Presidential Election - Statistics

General Stats
  • This quiz has been taken 548 times
  • The average score is 440 of 538
Answers on the Map
Answers color-coded by a green-red scale on the quiz's map according to % correct below.
 
Answer Stats
# State % Correct
54 California
97%
40 Texas
97%
28 New York
96%
30 Florida
95%
15 Michigan
93%
17 Ohio
92%
12 Washington
92%
19 Pennsylvania
89%
16 Georgia
88%
13 Virginia
88%
11 Arizona
87%
19 Illinois
87%
6 Nevada
86%
16 North Carolina
86%
8 Oregon
85%
10 Colorado
82%
14 New Jersey
80%
10 Wisconsin
80%
4 Maine
78%
11 Indiana
77%
10 Minnesota
77%
4 Idaho
76%
5 New Mexico
76%
9 Alabama
75%
6 Utah
74%
6 Iowa
71%
4 Montana
71%
9 South Carolina
70%
11 Tennessee
70%
8 Louisiana
69%
10 Maryland
69%
11 Massachusetts
68%
10 Missouri
68%
3 Alaska
66%
7 Oklahoma
66%
8 Kentucky
64%
6 Kansas
63%
3 Vermont
63%
4 Hawaii
62%
5 Nebraska
61%
6 Arkansas
59%
6 Mississippi
59%
3 Wyoming
58%
4 West Virginia
55%
4 New Hampshire
53%
3 North Dakota
53%
3 Delaware
52%
3 South Dakota
47%
7 Connecticut
44%
4 Rhode Island
40%
3 District of Columbia
39%
No matching quizzes found
Score Distribution
Percent of People with Each Score
Percentile by Number Answered
Your Score History
You have not taken this quiz